000 00923nam a2200217Ii 4500
003 JO-AjNU
008 230605s9999||||xx |||||||||||||| ||und||
020 _a1-56564-314-3
040 _aJO-AjNU
_bara
_erda
_cJO-AjNU
041 _aara
050 1 4 _aDS36.88.A2342 2008
100 3 _aعبد الباقي، إبراهيم محمود,
_eauthor
_952499
245 0 0 _aالخطاب العربي المعاصر: عوامل البناء الحضاري في الكتابات العربية 1990-1996
250 _aط1
264 3 1 _aالولايات المتحدة الامريكية: المعهد العالمي للفكر الاسلامي، 2008
300 _a605ص
336 _atext
_btxt
_2rdacontent
337 _aunmediated
_bn
_2rdamedia
338 _avolume
_bnc
_2rdacarrier
650 4 _aمفاهيم حضارية وثقافية - الحداثة - البراث والمعاصرة - العلاقة بالاخر
_952500
999 _aA23259
_c26827
_d26827